000 00541nam a2200169 4500
001 127789
003 ES-MaACL
005 20230906193102.0
007 t|
008 070214s1918 ag r ||||1| spa d
100 1 _aRivarola, Rodolfo.
_997546
245 1 3 _aLa raza como ideal
_b: conferencia dada en el Rosario de Santa Fe en el día de la Raza /
_cRodolfo Rivarola.
260 _aBuenos Aires :
_b[s. n.],
_c1918 (
_fImp. de José Tragant)
300 _a49 p. ;
_c23 cm.
852 _aES-MaACL
_j1564-F-18
852 _aES-MaACL
_j1573-F-7
999 _c127789
_d127789